MDQL
is popping MORE tags! Check the
thread
!
Quizzes
Events
Quiz Creation
Community
Videos
Private Events
Remove Ads
Sign In
Join for FREE
Feedback
Dark Mode
Quiz Categories
Sports
Geography
Music
Movies
Television
Just For Fun
Miscellaneous
History
Literature
Language
Science
Gaming
Entertainment
Religion
Holiday
For Kids
Quiz Lab
Recent
Popular Today
Quiz Kudos Today
Editor Picks
Curator Picks
Quizzes by...
Day
Popularity
Type
Ratings
Length
Year
Community
Subscriptions
Recent Discussions
Orange Saloon
Badges
Playlists
Quests
Create
Leaderboards
Showdown
Live 5
Trivia Bingo
Activity
Puzzle Library
Sporcle Events
Private Events
Virtual Trivia
Globe League
Become a Host
Pub Owners
SporcleCon
Opinionation
Our Games
Videos
Blog
Mobile Apps
Partnerships
Remove Ads and Go Orange
Feedback
Music
Pop Music
The Beatles
Song
Album
Lyrics
Bands
Singers
Artist
Clip
Rock
Rap
Classical
Billboard
Country Music
Kpop
Taylor Swift
Music
Pop Music
The Beatles
Song
Album
Lyrics
Bands
Singers
Artist
Clip
Rock
Rap
Classical
Billboard
Country Music
Kpop
Taylor Swift
Random Quiz
Search Sporcle
×
Quiz Lab
Quiz Lab
Music
Red Hot Chili Peppers
Type in answers that appear in a list
Type in answers that appear in a list
Classic
Best Score? Go Orange.
Lyrics: Encore by RHCP Stats
Can you name the Lyrics: Encore by RHCP?
By
faycourtney11
8m
252 Questions
83 Plays
83 Plays
83 Plays
Comments
Comments
Give Quiz Kudos
Give Quiz Kudos
-
- Ratings
hide this ad
More Info
Replay
Link that replays current quiz
Next Quiz
Link to next quiz in quiz playlist
You Got
0%
They Got
Avg Score
66%
Avg Friend Score
Upgrade to see
Score Distribution
Jump to the score distribution portion of the page
Score
0/252
Timer
08:00
0
Plays Today
Lyric
% Correct
the
96.4%
and
96.4%
the
96.4%
a
96.4%
and
96.4%
and
96.4%
the
96.4%
and
96.4%
the
96.4%
the
96.4%
and
96.4%
the
96.4%
the
96.4%
and
96.4%
the
96.4%
and
96.4%
a
96.4%
and
96.4%
a
96.4%
the
96.4%
And
96.4%
the
96.4%
and
96.4%
the
96.4%
the
96.4%
And
96.4%
the
96.4%
I
94%
I
94%
I
94%
I
94%
I
94%
I
94%
I
94%
I
94%
I
94%
I
94%
to
90.4%
to
90.4%
to
90.4%
to
90.4%
to
90.4%
to
90.4%
to
90.4%
to
90.4%
to
90.4%
to
90.4%
to
90.4%
so
89.2%
so
89.2%
high
88%
you
88%
you
88%
you
88%
you
88%
you
88%
Listen
86.7%
listen
86.7%
listen
86.7%
listen
86.7%
radio
84.3%
radio
84.3%
radio
84.3%
Driving
83.1%
down
83.1%
my
83.1%
no
83.1%
Driving
83.1%
down
83.1%
my
83.1%
Driving
83.1%
down
83.1%
my
83.1%
of
81.9%
we
81.9%
got
81.9%
of
81.9%
highway
81.9%
highway
81.9%
highway
81.9%
Hey
80.7%
wanna
80.7%
know
80.7%
Hey
80.7%
Lyric
% Correct
wanna
80.7%
know
80.7%
Hey
80.7%
wanna
80.7%
know
80.7%
sound
79.5%
for
79.5%
for
79.5%
for
79.5%
now
78.3%
now
78.3%
sure
78.3%
now
78.3%
an
78.3%
now
78.3%
sure
78.3%
now
78.3%
now
78.3%
sure
78.3%
now
78.3%
Beatles
75.9%
Ed
74.7%
fine
74.7%
fine
74.7%
fine
74.7%
much
73.5%
Calexico
73.5%
much
73.5%
Calexico
73.5%
Calexico
73.5%
Hold
72.3%
want
72.3%
it
72.3%
it
72.3%
it
72.3%
Hold
72.3%
want
72.3%
it
72.3%
Hold
72.3%
want
72.3%
it
72.3%
you're
71.1%
you're
71.1%
you're
71.1%
hand
69.9%
hand
69.9%
hand
69.9%
too
68.7%
are
68.7%
are
68.7%
are
68.7%
your
68.7%
are
68.7%
in
67.5%
in
67.5%
signs
67.5%
with
67.5%
signs
67.5%
with
67.5%
in
67.5%
signs
67.5%
with
67.5%
share
66.3%
share
66.3%
share
66.3%
all
63.9%
gonna
63.9%
all
63.9%
all
63.9%
gonna
63.9%
all
63.9%
gonna
63.9%
by
62.7%
Mary
62.7%
Mary
62.7%
me
62.7%
Mary
62.7%
pride
61.4%
full
60.2%
things
60.2%
things
60.2%
McMahon
57.8%
world
57.8%
little
57.8%
Lyric
% Correct
Results
57.8%
vary
57.8%
little
57.8%
Results
57.8%
vary
57.8%
little
57.8%
Results
57.8%
vary
57.8%
laughing
56.6%
Educated
56.6%
space
53%
then
53%
on
53%
love
53%
on
53%
life
51.8%
dirty
50.6%
Spy
50.6%
when
50.6%
tell
50.6%
tell
50.6%
when
50.6%
lost
49.4%
Soviet
49.4%
Every
49.4%
self
48.2%
thoughts
48.2%
juggling
48.2%
remember
48.2%
befriend
47%
I'll
47%
lies
47%
Take
47%
Cosmonauts
45.8%
say
45.8%
juggernaut
43.4%
goodbye
42.2%
time
42.2%
sky
41%
dad
39.8%
never
39.8%
had
39.8%
Later
38.6%
mom
38.6%
that
38.6%
is
38.6%
I've
37.3%
been
37.3%
read
36.1%
find
36.1%
die
36.1%
before
34.9%
Walk
33.7%
more
33.7%
song
32.5%
there
32.5%
away
31.3%
from
31.3%
needing
30.1%
catch
30.1%
write
28.9%
breath
28.9%
early
28.9%
let's
28.9%
Carry
27.7%
stains
27.7%
says
26.5%
death
26.5%
Skinny
26.5%
brains
26.5%
teenage
26.5%
fifties
26.5%
off
25.3%
shows
24.1%
Lifted
24.1%
through
24.1%
'fore
21.7%
remains
21.7%
really
21.7%
Face
20.5%
drifted
20.5%
soar
20.5%
upon
19.3%
rather
18.1%
Quiz Playlist
Details
Report
Send in Message
Add To Playlist
More Info:
Lyrics to Encore by the Red Hot Chili Peppers.
Classic:
Type in answers that appear in a list
Last Updated: Feb 20, 2017
Quiz Scoreboard
CHALLENGE
Sign Up to Join the Scoreboard
Show All
Scores
Hide
Comments
May contain spoilers
Recently Published
Two Season TV Shows II
by 123Four
Television
10m
Image Sorting: Flags VI
by Barbecue
Geography
2m
Find the 'City' Movie
by crazypaving
Movies
60s
More to Explore
Quiz From the Vault
Featured Blog Post
14 Easter Pick-up Lines to Find Eggs With
hide this ad
You Might Also Like...
Tags
encore
Red Hot Chili Peppers
rhcp
Today's Top Quizzes in Music
Browse Music
hide this ad
Today's Top Quizzes in Red Hot Chili Peppers
Browse Red Hot Chili Peppers
Top Contributed Quizzes in Music
1
5X2 Blitz: Bands II
2
5X2 Blitz: The Beatles
3
Taylor Swift All Songs (2024)
4
5X2 Blitz: Billboard
5
5X2 Blitz: Billboard II
6
5X2 Blitz: Album
7
5X2 Blitz: Rock
8
5X2 Blitz: Singers
9
Music Artist by Three 2010s hits
10
5X2 Blitz: Lyrics
Explore More
Trending Topics
NBA
Harry Potter
Marvel
Disney
Kpop
Crossword
Anime
NFL
Soccer
WWE
The Office
Pokémon
Song
Puzzle
Country
hide this ad
More By:
faycourtney11
Quiz
Plays
Rating
Category
Featured
Created
Lyrics: Encore by RHCP
83
5.00
Music
Dec 21, 2016
Go to Creator's Profile
Score Distribution
Quiz Creator Spotlight
faycourtney11
Follow
Send a Message
Quizzes Created
-
Created Quiz Play Count
-
More By This Creator
Popular Quizzes Today
1
Colored Red Africa Blitz
2
Find the US States - No Outlines Minefield
3
Find the 'City' Movie
4
5x2 Blitz: Bands
5
The Countries of the World
6
Find the US States
7
Find the Countries of Europe - No Outlines Minefield
8
US States
More Music Quizzes
John, Paul, George or Ringo?
Published
Trending Quizzes
Colored Red Europe Blitz I
Colored Red Africa Blitz II
Colored Red Europe Blitz II
Colored Red Africa Blitz III
Colored Red Europe Blitz III
Recently Updated
How Do You Spell That?
pecheneg
Godzilla Movies
pecheneg
Grab Bag: 4-10 Letters
pecheneg
2024 March Madness Bracket
pecheneg
Famous TV Couples
Peacemaker
Champions League XIs: Real Madrid
pecheneg
Largest US Cities 1790-2010
pecheneg
Rides in Walt Disney World
pecheneg
Most Oscar Losses (Acting)
pecheneg
Beyoncé Albums
pecheneg
Trending Topics
NBA
Kpop
Anime
Disney
Harry Potter
Marvel
Crossword
The Office
Country
WWE
Soccer
Puzzle
NFL
Song
Pokémon
Your Account Isn't Verified!
In order to create a playlist on Sporcle, you need to verify the email address you used during registration. Go to your
Sporcle Settings
to finish the process.
Report this User
Report this user for behavior that violates our
Community Guidelines
.
Details:
Send Report
Go to the Sporcle.com Mobile Site →
Comments